Loading...
| Science - Physics | 0 | 7 | 0 | 2 | 70 | 76 | 109.29 | 1 | 3 | 0.00 | 0.00 |
| Science - Biology | 0 | 6 | 4 | 0 | 40 | 83 | 100.50 | 1 | 1 | 0.00 | 0.00 |
| Literature - American | 0 | 4 | 0 | 2 | 40 | 71 | 123.50 | 0 | 0 | 0.00 | 0.00 |
| Current Events | 0 | 3 | 0 | 1 | 30 | 105 | 123.00 | 0 | 0 | 0.00 | 0.00 |
| History - American | 0 | 3 | 1 | 0 | 25 | 100 | 108.33 | 0 | 1 | 0.00 | 0.00 |
| Social Science | 0 | 2 | 0 | 0 | 20 | 114 | 119.00 | 0 | 0 | 0.00 | 0.00 |
| Fine Arts - Other | 0 | 2 | 0 | 0 | 20 | 28 | 83.00 | 1 | 1 | 0.00 | 0.00 |
| History - Other | 0 | 2 | 0 | 2 | 20 | 126 | 130.00 | 0 | 0 | 0.00 | 0.00 |
| Other Academic | 0 | 2 | 0 | 0 | 20 | 85 | 104.50 | 0 | 0 | 0.00 | 0.00 |
| Philosophy | 0 | 2 | 0 | 1 | 20 | 132 | 137.50 | 0 | 0 | 0.00 | 0.00 |
| Science - Other | 0 | 3 | 3 | 0 | 15 | 55 | 60.33 | 0 | 2 | 0.00 | 0.00 |
| History - European | 0 | 1 | 0 | 0 | 10 | 110 | 110.00 | 0 | 0 | 0.00 | 0.00 |
| Literature - European | 0 | 1 | 0 | 0 | 10 | 143 | 143.00 | 0 | 0 | 0.00 | 0.00 |
| Science - Chemistry | 0 | 1 | 0 | 0 | 10 | 123 | 123.00 | 0 | 0 | 0.00 | 0.00 |
| Literature - British | 0 | 1 | 0 | 0 | 10 | 134 | 134.00 | 0 | 0 | 0.00 | 0.00 |
| History - World | 0 | 1 | 1 | 0 | 5 | 131 | 131.00 | 0 | 0 | 0.00 | 0.00 |
| Mythology | 0 | 0 | 0 | 0 | 0 | 0.00 | 0 | 0 | 0.00 | 0.00 | |
| Fine Arts - Classical Music | 0 | 0 | 1 | 0 | -5 | 0.00 | 0 | 0 | 0.00 | 0.00 |